Normal view
MARC view
- الشعر العربي- تاريخ وتقد- العصر العباسي
Entry Topical Term
001 - CONTROL NUMBER
- control field: 59389
003 - CONTROL NUMBER IDENTIFIER
- control field: JO-AjAnu
005 - DATE AND TIME OF LATEST TRANSACTION
- control field: 20230606083719.0
008 - FIXED-LENGTH DATA ELEMENTS
- fixed length control field: 230606|| aca||aabn | a|a d
040 ## - CATALOGING SOURCE
- Original cataloging agency: JO-AjAnu
- Transcribing agency: JO-AjAnu
150 ## - HEADING--TOPICAL TERM
- Topical term or geographic name entry element: الشعر العربي- تاريخ وتقد- العصر العباسي
670 ## - SOURCE DATA FOUND
- Source citation: Work cat.: (JO-AjAnu)30290: العكبرى، ابي البقاء؛ ضبطه وصححه ووضع فهارسه مصطفى السقا، ابراهيم الابياري، عبد الحفيظ شلبي , author 59388, ديوان أبي الطيب المتنبي بشرح أبي البقاء العكبري، المسمى، التبيان في شرح الديوان ؛ ج3-4